[Event "Belgrade-chT Quality"]
[Site "Belgrade"]
[Date "2008.11.05"]
[Round "5"]
[White "Tisma, Vladimir"]
[Black "Jovanovic, Miroslav M"]
[Result "1/2-1/2"]
[WhiteElo "2021"]
[BlackElo "1973"]
[PlyCount "54"]
[EventDate "2008.11.01"]
[EventType "team-swiss"]
[EventRounds "11"]
[EventCountry "YUG"]
[SourceTitle "CBM 127 Extra"]
[Source "ChessBase"]
[SourceDate "2009.01.08"]
[SourceVersion "2"]
[SourceVersionDate "2009.01.28"]
[SourceQuality "1"]

1. e4 e5 2. Nf3 Nc6 3. Bb5 a6 4. Ba4 Nf6 5. d3 d6 6. c3 Be7 7. 0-0 0-0 8. Nbd2 Re8 9. Re1 Bf8 10. Nf1 b5 11. Bc2 Bb7 12. Ng3 Nb8 13. Nf5 c5 14. Qe2 Qc7 15. a4 Nbd7 16. h3 d5 17. Nh2 dxe4 18. dxe4 c4 19. Ng4 Qc6 20. Qf3 Qe6 21. Bg5 Kh8 22. Rad1 Rab8 23. Nxf6 Nxf6 24. axb5 axb5 25. Rd2 Rbd8 26. Red1 Rxd2 27. Rxd2 b4 1/2-1/2